| 000 | 00385nam a22001337a 4500 | ||
|---|---|---|---|
| 020 | _a0-07-023891-X | ||
| 082 | _a621.381535 GRA'D | ||
| 100 |
_aGRAEME, J. G _974483 |
||
| 245 | _aDESIGNING WITH OPEARTIONAL AMPLIFIERS APPLICATIONS ALTERNATIVES | ||
| 260 |
_aNEWYORK _bMCGRAW HILL _c1977 |
||
| 300 | _a269P | ||
| 650 |
_aOPERATIONAL AMPLIFIERS ELECTRONIC CIRCUITS _974484 |
||
| 942 | _cBK | ||
| 999 |
_c580008 _d580008 |
||